00489nam a22001337a 450000500170000000800410001704100120005808200140007010000260008424501600011026000350027030000250030565000250033020231026123129.0231026b |||||||| |||| 00| 0 eng d aEnglish a346.7 NAT aNathan, CJMlEnglish  aCommentary on the 1965 Amendments to the Insolvency Act, No. 24 of 1963 :bWith a Reprint of the 1963 Act as Amended up to and including 1965 /cCJM Nathan aDurban : bButterworths,c1965 b92 pages; c25,5 cm. aLegal practice bLaw